000 00723nam a22002537a 4500
999 _c35092
_d35092
001 4501
003 CO-MdFUSB
005 20180622073143.0
008 180306t1978 xxu||||| |||| 00| 0 eng d
020 _a0-8499-2826-5
040 _aCO-MdFUSB
_bspa
_cCO-MdFUSB
_dCO-MdFUSBC
_erda
041 0 _aeng
082 0 4 _aG 227.1 S812f
100 1 _aStedman, Ray C.
_eautor
245 0 _aFrom Guilt to Glory
_c/ Ray C. Stedman
264 4 _aWaco, TX., USA :
_bWord,
_c1978
300 _a259 Pag
336 _2rdacontent
_atexto
_btxt
337 _2rdamedia
_asin mediación
_bn
338 _2rdacarrier
_avolumen
_bnc
505 0 0 _av.1 Romans 1-8 -- v-2 Romans 9-16
653 _aSermones bíblicos N.T. - Romanos
942 _cBK